[Event "Mechanics' Spring TNM; G/2 d5"]
[Site "San Francisco"]
[Date "2018.03.20"]
[Round "1.7"]
[White "Vickers, Keith"]
[Black "Touset, Stephen Ka"]
[Result "1-0"]
[WhiteElo "2200"]
[BlackElo "1574"]
[PlyCount "43"]
[EventDate "2018.??.??"]
[Source "ChessBase"]
[SourceDate "2007.09.04"]

1. Nc3 d5 2. e4 d4 3. Nce2 c5 4. Ng3 Nf6 5. Bc4 e6 6. d3 Nc6 7. f4 e5 8. f5 Na5
9. Bb3 b5 10. Bg5 Nxb3 11. axb3 b4 12. Nf3 Qd6 13. O-O Bd7 14. Qd2 Ng4 15. h3
h6 16. hxg4 hxg5 17. Qxg5 Be7 18. Qd2 Bh4 19. Nh5 Bf6 20. Kf2 Qf8 21. Rh1 Ke7
22. g5 1-0

[Event "Mechanics' Shipman TNM; G/2 d/5"]
[Site "San Francisco"]
[Date "2018.08.28"]
[Round "4.1"]
[White "Vickers, Keith"]
[Black "Winslow, Elliott"]
[Result "0-1"]
[WhiteElo "2200"]
[BlackElo "2292"]
[Annotator "Winslow"]
[PlyCount "76"]
[EventDate "2018.??.??"]
[Source "ChessBase"]
[SourceDate "2007.09.04"]

1. d4 d6 2. e4 Nf6 3. Nc3 g6 4. Nf3 Bg7 5. Be3 c6 (5... O-O) (5... Nbd7) (5...
a6) 6. Qd2 O-O (6... b5 {0-1 (40) Vickers,K (2200)-Winslow,E (2311), Winter
TNM (8), San Francisco 2018.2.27 -- see below}) 7. Bd3 (7. O-O-O) (7. Bh6 b5 $1
) 7... Nbd7 (7... b5) 8. Bh6 (8. O-O-O) (8. O-O Ng4 $1 (8... c5 9. Rad1) 9. Bg5
(9. Bf4 e5 10. dxe5 dxe5 11. Bg5 (11. Bg3 Qc7 12. a4 a5) 11... f6 12. Bc4+ (12.
Bh4 Nc5 13. Bc4+ Be6) 12... Kh8 13. Bh4 Qe7 14. a4 Nh6) 9... h6 (9... c5 10.
Nd5) 10. Bh4 (10. Bf4) 10... Ngf6 (10... c5) 11. e5 $5 (11. Rad1 e5) 11... dxe5
12. dxe5 Ng4 13. e6 Nde5 14. exf7+ Rxf7 15. Nxe5 Nxe5) 8... e5 9. Bxg7 (9. dxe5
dxe5 10. O-O-O b5 11. h4 Bxh6 12. Qxh6 Ng4 13. Qd2 Qb6 (13... Nc5 $146 {
/\...Be6}) 14. Rdf1 h5 15. Nh2 Nxh2 16. Rxh2 Nc5 17. f3 b4 18. Ne2 Rd8 19. g4 {
1/2-1/2 (19) Eissing,C (2011)-Sparwel,O (1935) Germany 2016}) (9. O-O-O b5)
9... Kxg7 10. dxe5 dxe5 11. O-O Qe7 (11... b5) 12. h3 {Not really necessary}
Nh5 13. Rfe1 Nf4 (13... b5 {would transpose back to our February game! We
didn't have time to talk after this game, so I must wonder what we are doing
in the same variation...}) 14. Ne2 Ne6 (14... Nxe2+ 15. Bxe2 Nc5 (15... a5) 16.
Qe3 f6 17. Red1 a5 (17... Be6)) 15. c3 (15. Bc4) (15. a4) 15... f6 16. b4 (16.
Rad1) 16... Rd8 17. Red1 Nb6 (17... a5) (17... b5) (17... c5) (17... b6) 18.
Qc2 $6 (18. Qb2) (18. a4) 18... c5 {with an actual threat for the first time...
} 19. Qb1 Bd7 20. a3 Ba4 21. Bc2 Bb5 22. Bd3 Bxd3 23. Rxd3 Rxd3 24. Qxd3 Rd8
25. Qc2 Qd6 26. Kf1 (26. h4) 26... Nc4 27. Ke1 Qd3 $2 (27... h5) 28. Qxd3 (28.
Nfd4 $1 Qxc2 29. Nxc2 Kf7 30. f3 h5 31. Rd1) 28... Rxd3 29. Ra2 Nd6 (29... f5
$1) 30. Rd2 (30. Nd2) 30... c4 $8 31. Nc1 Rxd2 32. Nxd2 Nf4 33. Kf1 b5 34. h4
f5 35. g3 Nh5 $6 (35... Ne6) 36. exf5 gxf5 37. Ke2 $6 (37. Ne2) 37... Nf6 38.
Ke3 $2 Nd5+ 0-1

[Event "Mechanics' Winter TNM; G/2 d5"]
[Site "San Francisco"]
[Date "2018.02.27"]
[Round "8.3"]
[White "Vickers, Keith"]
[Black "Winslow, Elliott C"]
[Result "0-1"]
[WhiteElo "2200"]
[BlackElo "2311"]
[PlyCount "80"]
[EventDate "2018.??.??"]
[Source "ChessBase"]
[SourceDate "2007.09.04"]

1. Nc3 g6 2. d4 Nf6 3. e4 d6 4. Nf3 Bg7 5. Be3 c6 6. Qd2 b5 7. Bd3 O-O 8. h3
Nbd7 9. Bh6 e5 10. Bxg7 Kxg7 11. dxe5 dxe5 12. O-O Nh5 13. Rfe1 Qe7 14. Bf1 b4
15. Na4 Nb6 16. Nxb6 axb6 17. Red1 Re8 18. Qd6 Bb7 19. Bc4 Nf6 20. Qxe7 Rxe7
21. Bd3 c5 22. Nd2 Bc6 23. f3 b5 24. Nf1 Rea7 25. Ne3 Kf8 26. b3 Rxa2 27. Rxa2
Rxa2 28. Rc1 Ke7 29. c4 bxc3 30. Rxc3 Kd6 31. Rc2 Ra3 32. Bc4 Ra1+ 33. Bf1 Rb1
34. Rc3 Nh5 35. Rd3+ Kc7 36. Kf2 Nf4 37. Rc3 Kd6 38. g3 Ne6 39. Bd3 Rb2+ 40.
Bc2 Nd4 0-1

[Event "Mechanics' Spring TNM; G/2 d5"]
[Site "San Francisco"]
[Date "2018.03.27"]
[Round "2.23"]
[White "Waharte, Louka"]
[Black "Askin, Michael"]
[Result "1-0"]
[WhiteElo "1496"]
[BlackElo "2024"]
[PlyCount "62"]
[EventDate "2018.??.??"]
[Source "ChessBase"]
[SourceDate "2007.09.04"]

1. e4 c6 2. d4 d5 3. Nc3 dxe4 4. Nxe4 Bf5 5. Ng3 Bg6 6. h4 h6 7. Nf3 Nd7 8. h5
Bh7 9. Bd3 Bxd3 10. Qxd3 e6 11. Bd2 Ngf6 12. O-O-O Be7 13. Kb1 O-O 14. Qe2 a5
15. Ne4 a4 16. Rdg1 Qb6 17. Ka1 Nxe4 18. Qxe4 Bf6 19. g4 Nc5 20. Qe3 Rfd8 21.
Bc3 a3 22. b3 Na6 23. g5 hxg5 24. h6 Nb4 25. Bxb4 Qxb4 26. c3 Qd6 27. hxg7 Kxg7
28. Nxg5 Kf8 29. Nh7+ Ke7 30. Nxf6 c5 31. Qg5 Qc6 1-0

[Event "Mechanics' Summer TNM; G/2 d/5"]
[Site "San Francisco"]
[Date "2018.06.19"]
[Round "4.35"]
[White "Waharte, Louka"]
[Black "Badgett Jr, James"]
[Result "1-0"]
[WhiteElo "1580"]
[BlackElo "1220"]
[PlyCount "61"]
[EventDate "2018.??.??"]
[Source "ChessBase"]
[SourceDate "2007.09.04"]

1. e4 Nc6 2. d4 e5 3. d5 Nb8 4. Nf3 f6 5. Bc4 Bb4+ 6. c3 Bc5 7. O-O d6 8. a4 a6
9. Kh1 Nd7 10. b4 Ba7 11. Nh4 Ne7 12. f4 O-O 13. f5 Nb6 14. Bb3 Bd7 15. a5 Nbc8
16. Bc2 Bb5 17. Rf3 c5 18. Rg3 Rf7 19. Na3 Qc7 20. Rh3 cxb4 21. cxb4 Bd7 22.
Qh5 g6 23. Nxg6 Nxg6 24. fxg6 Rg7 25. gxh7+ Kh8 26. Bh6 Bxh3 27. Bxg7+ Qxg7 28.
Qxh3 Ne7 29. Bb3 Rc8 30. Rf1 Ng6 31. Qxc8+ 1-0

[Event "Mechanics' Spring TNM; G/2 d5"]
[Site "San Francisco"]
[Date "2018.04.10"]
[Round "4.28"]
[White "Waharte, Louka"]
[Black "Karp, Richard M"]
[Result "1-0"]
[WhiteElo "1496"]
[BlackElo "1834"]
[Annotator "Donaldson"]
[PlyCount "107"]
[EventDate "2018.??.??"]
[Source "ChessBase"]
[SourceDate "2007.09.04"]

1. e4 c5 2. Nf3 Nc6 3. d4 cxd4 4. Nxd4 g6 5. Nc3 Bg7 6. Be3 Nf6 7. Bc4 O-O 8.
Qd2 $6 (8. f3) 8... Ng4 9. O-O-O Nxe3 10. fxe3 d6 11. h4 Ne5 12. Bb3 h5 13. Nf3
Bg4 14. Nxe5 Bxe5 15. Rdf1 e6 16. Ne2 a5 17. c3 a4 18. Bc2 a3 19. b3 Bxe2 20.
Qxe2 Bxc3 21. g4 hxg4 22. Qxg4 Bf6 23. h5 g5 24. h6 Rc8 25. e5 Rxc2+ 26. Kxc2
Bxe5 27. Qh5 Bf6 28. Rhg1 Kh7 29. Qf3 Be5 30. Qe4+ Kh8 31. Qxb7 Qc8+ 32. Qxc8
Rxc8+ 33. Kd3 f6 34. Rc1 Rxc1 35. Rxc1 d5 36. Rc6 g4 37. Ke2 Kh7 38. Rxe6 Kxh6
39. Rxe5 $2 (39. b4 $18 {
was winning easily, but now the king and pawn ending should be a draw.}) 39...
fxe5 40. b4 g3 $2 (40... d4 41. exd4 exd4 42. b5 g3 $11) 41. b5 $2 (41. Kf3 $1
$18) 41... d4 42. exd4 exd4 43. b6 d3+ 44. Kxd3 g2 45. b7 g1=Q 46. b8=Q Qd1+
47. Kc3 Qa1+ 48. Kd3 Qxa2 49. Qd6+ Kg5 50. Qe5+ Kg4 51. Qg7+ Kh3 52. Qh8+ Kg3
53. Qe5+ Kf2 $4 54. Qh2+ 1-0

[Event "Mechanics' Spring TNM; G/2 d5"]
[Site "San Francisco"]
[Date "2018.05.01"]
[Round "7.22"]
[White "Waharte, Louka"]
[Black "Singh, Amitoj P"]
[Result "0-1"]
[WhiteElo "1496"]
[BlackElo "1710"]
[Annotator "Winslow,Elliott"]
[PlyCount "56"]
[EventDate "2018.??.??"]
[Source "ChessBase"]
[SourceDate "2007.09.04"]

1. e4 e5 2. f4 exf4 3. Nf3 Nc6 $6 (3... g5) (3... d5) (3... d6) (3... h6) (3...
Nf6) (3... Be7) 4. Nc3 (4. Bc4) (4. d4) 4... Bb4 (4... g5) (4... Be7) 5. Bc4 (
5. d4) (5. Nd5) 5... Nf6 {
(just happens to have a pretty good score here, but not after transposition!)}
6. O-O (6. e5 $5) (6. Nd5 $5) 6... d6 (6... O-O) 7. d4 Bxc3 8. bxc3 Nxe4 9.
Bxf4 $6 (9. Qe2) (9. Qd3) 9... O-O {just not enough for a pawn} 10. d5 (10. Bd3
) 10... Na5 (10... Ne7) 11. Bd3 Nxc3 $2 (11... f5) (11... Re8) 12. Qd2 (12. Qe1
$18) 12... Nxd5 {[#]} 13. Bxh7+ $2 (13. Bg5 f6 14. Qxa5 c5 15. Qxd8 Rxd8 16.
Bd2 $16) 13... Kxh7 14. Qxd5 Nc6 $15 15. Qh5+ Kg8 16. Ng5 Bf5 17. Bd2 $2 (17.
Bxd6 Qxd6 18. Rxf5 Qh6 $15 19. Qxh6 gxh6 20. Ne4 Rad8) 17... Bg6 18. Qh4 Ne5 (
18... Qd7 $1) 19. Rad1 $6 (19. Rab1 Qc8 20. Rb3 Qg4) 19... Qd7 20. Rf4 Rae8 (
20... f6) (20... Bxc2) 21. Bc3 f6 22. Bxe5 Rxe5 23. Nf3 Re7 24. Qg3 Bh5 25. Rd5
Bxf3 26. Qxf3 Qe6 (26... Re1+ $1 27. Kf2 Rfe8) 27. h3 Qe3+ 28. Kf1 $3 Qe1# 0-1

[Event "Mechanics' Winter TNM; G/2 d5"]
[Site "San Francisco"]
[Date "2018.02.20"]
[Round "7.6"]
[White "Walder, Michael"]
[Black "Kuczek, Kevin W"]
[Result "0-1"]
[WhiteElo "2134"]
[BlackElo "1916"]
[PlyCount "80"]
[EventDate "2018.??.??"]
[Source "ChessBase"]
[SourceDate "2007.09.04"]

1. c4 e5 2. g3 Nc6 3. Nc3 f5 4. Nf3 e4 5. Nh4 d6 6. d3 Be7 7. Ng2 Nf6 8. Nf4
O-O 9. Bg2 Qe8 10. dxe4 fxe4 11. Nxe4 Qf7 12. O-O Kh8 13. Nd5 Nxe4 14. Bxe4 Bh3
15. Bg2 Bxg2 16. Kxg2 Bf6 17. Be3 Rae8 18. Rc1 Ne5 19. h3 Bd8 20. b3 b6 21. Qd2
Qf5 22. Qc2 Qe6 23. Rcd1 Ng6 24. Rfe1 Qf7 25. Qd2 Re6 26. f4 Rfe8 27. Bf2 c6
28. Nc3 Bf6 29. f5 Bxc3 30. fxe6 Qf6 31. Qxd6 Bxe1 32. Bxe1 Rf8 33. Qd3 Qxe6
34. Bc3 Qf7 35. Qe3 Re8 36. Qf3 Qe6 37. Rd2 Rf8 38. Qd3 c5 39. Qd5 Qe3 40. Qd3
Qf2+ 0-1

[Event "Mechanics' Winter TNM; G/2 d5"]
[Site "San Francisco"]
[Date "2018.02.06"]
[Round "5.8"]
[White "Walder, Michael"]
[Black "McKellar, Daniel"]
[Result "1/2-1/2"]
[WhiteElo "2134"]
[BlackElo "1829"]
[Annotator "Donaldson"]
[PlyCount "73"]
[EventDate "2018.??.??"]
[Source "ChessBase"]
[SourceDate "2007.09.04"]

1. c4 c5 2. g3 g6 3. Bg2 Bg7 4. Nc3 Nc6 5. Nf3 Nf6 6. O-O O-O 7. d4 cxd4 8.
Nxd4 Ng4 9. e3 Nge5 10. b3 Nxd4 11. exd4 Nc6 12. Be3 d6 13. Rc1 Bd7 14. c5 dxc5
15. dxc5 Bxc3 16. Rxc3 Qa5 17. Rc4 Rad8 18. Qa1 Rfe8 19. b4 Qc7 20. b5 Nb8 21.
a4 (21. c6 bxc6 22. bxc6 Bxc6 (22... Be6 23. Bf4) (22... Bf5 23. Rb4) 23. Qc3
Rd6 24. Rc1 Rc8 25. Bf4 $18) 21... Be6 22. Bf4 Qc8 23. Rcc1 Bd5 24. Rfe1 Bxg2
25. Kxg2 Rd5 26. Re5 Qd7 27. Qa3 $2 (27. Qc3 $16) 27... Rxe5 28. Bxe5 Qd5+ 29.
Qf3 Qxe5 30. Qxb7 $11 Qb2 31. Rc4 Qe2 32. Re4 Qd3 33. Rxe7 Rxe7 34. Qxe7 Qd5+
35. f3 Qd2+ 36. Kf1 Qc1+ 37. Kf2 1/2-1/2

[Event "Mechanics' Winter TNM; G/2 d5"]
[Site "San Francisco"]
[Date "2018.01.23"]
[Round "3.17"]
[White "Walder, Michael"]
[Black "Nyangar, Enkhmaa"]
[Result "1-0"]
[WhiteElo "2134"]
[BlackElo "1634"]
[PlyCount "75"]
[EventDate "2018.??.??"]
[Source "ChessBase"]
[SourceDate "2007.09.04"]

1. e4 c5 2. Nf3 Nc6 3. d4 cxd4 4. Nxd4 g6 5. Nc3 Bg7 6. Be3 d6 7. Bc4 Nf6 8. h3
O-O 9. O-O Qa5 10. Bb3 Ne5 11. Re1 a6 12. Qe2 b5 13. f4 Nc4 14. Bxc4 bxc4 15.
Qxc4 Bb7 16. Rad1 Nxe4 17. Nb3 Qf5 18. Nd5 Qe6 19. Bf2 Bxd5 20. Rxd5 f5 21. Nd4
Qf7 22. Nc6 e6 23. Ra5 Bxb2 24. Rb1 Nd2 25. Qb4 Nxb1 26. Qxb2 Nd2 27. Bh4 Nc4
28. Qc3 Nxa5 29. Ne7+ Qxe7 30. Bxe7 Rf7 31. Bxd6 Rd7 32. Ba3 Rd1+ 33. Kh2 Rb8
34. Qxa5 Rbb1 35. Qc5 h5 36. Qf8+ Kh7 37. Qf7+ Kh8 38. Be7 1-0

[Event "Mechanics' Winter TNM; G/2 d5"]
[Site "San Francisco"]
[Date "2018.01.09"]
[Round "1.11"]
[White "Walder, Michael"]
[Black "Robertson, Terrance"]
[Result "1-0"]
[WhiteElo "2134"]
[BlackElo "1483"]
[PlyCount "51"]
[EventDate "2018.??.??"]
[Source "ChessBase"]
[SourceDate "2007.09.04"]

1. c4 e6 2. g3 d5 3. Nf3 Nf6 4. Bg2 Be7 5. O-O O-O 6. d3 c6 7. b3 Nbd7 8. Bb2
b6 9. Nbd2 Bb7 10. a3 a5 11. Ra2 b5 12. Qa1 b4 13. Rc1 c5 14. Ne5 Qc7 15. cxd5
Bxd5 16. Bxd5 exd5 17. axb4 Rfc8 18. bxc5 Bd8 19. b4 Ra6 20. b5 Re6 21. Ndf3
Nxe5 22. Nxe5 Qe7 23. Nc6 Rexc6 24. bxc6 Qxe2 25. Bxf6 Bxf6 26. Rxe2 1-0

[Event "Mechanics' Vartan Bedjanian TNM; G/2 d/"]
[Site "San Francisco"]
[Date "2018.11.07"]
[Round "3.13"]
[White "Walder, Michael"]
[Black "Yun, Andrew"]
[Result "0-1"]
[WhiteElo "2014"]
[BlackElo "1700"]
[PlyCount "80"]
[EventDate "2018.??.??"]
[Source "ChessBase"]
[SourceDate "2007.09.04"]

1. c4 g6 2. g3 Bg7 3. Bg2 Nf6 4. Nc3 d6 5. e4 Nc6 6. Nge2 O-O 7. O-O Bd7 8. h3
a6 9. d3 Rb8 10. a4 Nb4 11. Be3 c5 12. Qd2 Bc6 13. f4 e6 14. g4 b6 15. Ng3 d5
16. g5 Ne8 17. f5 d4 18. Bf4 e5 19. f6 dxc3 20. bxc3 exf4 21. cxb4 fxg3 22. b5
Bb7 23. Qf4 Qd4+ 24. Kh1 Rd8 25. Rad1 Bh8 26. h4 Rd7 27. Bh3 Rc7 28. Rf3 Qd6
29. Qxd6 Nxd6 30. Rxg3 axb5 31. axb5 Ra8 32. Kg1 Ra3 33. Re3 Bc8 34. Bxc8 Rxc8
35. Ree1 Nb7 36. e5 Nd8 37. d4 cxd4 38. Rxd4 Ne6 39. Rd6 Rb8 40. Kf2 Rc3 0-1

[Event "Mechanics' Spring TNM; G/2 d5"]
[Site "San Francisco"]
[Date "2018.05.01"]
[Round "7.6"]
[White "Walder, Michael S"]
[Black "Askin, David"]
[Result "1-0"]
[WhiteElo "2117"]
[BlackElo "1936"]
[Annotator "Winslow,Elliott"]
[PlyCount "71"]
[EventDate "2018.??.??"]
[Source "ChessBase"]
[SourceDate "2007.09.04"]

1. e4 c6 2. d4 d5 3. Nc3 g6 4. h3 Bg7 5. Nf3 Nh6 (5... dxe4 6. Nxe4 Nd7) (5...
Nf6 6. e5 Ne4) 6. Bd3 (6. Bf4 f6 7. exd5 cxd5 8. Nb5 Na6 (8... O-O 9. c4 (9.
Nc7 e5 10. Bxh6 Qxc7 11. Bxg7 Kxg7 12. dxe5)) 9. c4 Be6 $5) 6... f6 7. Qe2 ({
Relevant:} 7. O-O Nf7 8. Ne2 O-O 9. Ng3 e5 10. dxe5 fxe5 11. c3 Na6 12. Bc2 Nc7
13. Be3 b6 14. a4 Ne6 15. Bb3 d4 16. Bxe6 dxe3 17. Qxd8 Rxd8 18. Bb3 e2 19.
Nxe2 Kf8 20. a5 Ba6 21. Rfe1 Ke7 22. Ng3 Nd6 23. Red1 Bf6 24. Bc2 h5 25. Bd3
Nc4 26. Bxc4 Rxd1+ 27. Rxd1 Bxc4 28. Ra1 b5 29. Rd1 Ke6 30. h4 Rd8 31. Re1 Bb3
32. Nf1 Rd1 33. N1d2 Bc2 34. Rxd1 Bxd1 35. Kf1 a6 36. Ng5+ Kd6 {
Ortiz Suarez,I (2601)-Ipatov,A (2625) Panama City 2013 1-0}) 7... O-O $6 (7...
Nf7) 8. exd5 cxd5 9. Nxd5 Nc6 10. c3 Nf7 11. Ne3 e5 12. dxe5 Ncxe5 13. Nxe5
Nxe5 14. Bc2 Re8 $146 ({Predecessor:} 14... f5 15. f4 Nf7 16. O-O Be6 17. Bd2
Qb6 18. Qf2 Qxb2 19. Rfb1 Qa3 20. Rxb7 Bxc3 21. Bxc3 Qxc3 22. Qe1 Qc6 23. Rb2
Rab8 24. Rab1 Rxb2 25. Rxb2 Re8 26. Kf2 Nd6 27. Qb4 Bf7 28. Qd4 Ne4+ 29. Bxe4
Qxe4 30. Rd2 Qxd4 31. Rxd4 Rb8 32. a3 Rb2+ 33. Kf3 a5 34. Ra4 Rb5 35. Ke2 Be8
36. Rd4 Rb2+ 37. Rd2 Bb5+ 38. Ke1 Rb3 39. Nc2 Bd3 40. Kf2 Be4 41. Re2 Kf7 42.
Ne3 Rxa3 43. Nc4 Ra4 44. Nd6+ {
Howell,D (2170)-Marusenko,P (2362) Port Erin 2001 0-1}) 15. Bd2 Be6 16. O-O-O
Qa5 17. Bb3 Bxb3 18. axb3 Rac8 19. Kc2 b5 20. Bc1 f5 21. f4 Nc6 22. Kb1 Qc7 23.
Qxb5 a6 24. Qd5+ Kh8 25. Nc4 Ne7 26. Qf3 Rb8 27. Nd6 Rf8 28. b4 Nc6 29. Rhe1
Nd4 30. Qd5 Nb5 31. Nxb5 Rxb5 32. Qd7 Qc4 33. Re7 Qg8 34. Be3 Bxc3 35. Bd4+ Re5
36. Bxc3 1-0

[Event "Mechanics' Summer TNM; G/2 d5"]
[Site "San Francisco"]
[Date "2018.07.03"]
[Round "6.4"]
[White "Walder, Michael S"]
[Black "Askin, David Benjamin"]
[Result "1-0"]
[WhiteElo "2064"]
[BlackElo "1960"]
[Annotator "Winslow,Elliott"]
[PlyCount "99"]
[EventDate "2018.??.??"]
[Source "ChessBase"]
[SourceDate "2007.09.04"]

1. e4 c6 2. d4 d5 3. Nd2 dxe4 4. Nxe4 Nf6 5. Nxf6+ exf6 6. c3 Bd6 7. Bd3 O-O 8.
Ne2 Re8 9. Qc2 f5 $5 {
This has appeared at the less-than-top level this last year or two.} 10. Bxf5
Bxf5 11. Qxf5 Nd7 12. h4 $5 $146 ({Those dozen games all went} 12. Be3 Nb6 (
12... Qc7 13. O-O-O b5 (13... a5 14. Ng3 g6 15. Qd3 a4 16. Ne4 a3 17. b3 Bf4
18. Rhe1 f5 19. Nd2 Bxe3 20. Rxe3 Nf6 21. Rxe8+ Rxe8 22. Nf3 Kg7 23. Kc2 b5 24.
g3 Qd6 25. Rd2 Qe7 26. Ne5 Nd5 27. Kc1 c5 28. f4 c4 29. bxc4 bxc4 30. Qxc4 Qb7
31. Qc6 Qxc6 32. Nxc6 Rc8 33. Na7 Rxc3+ 34. Kd1 Ne3+ 35. Ke2 Nc4 36. Nb5 Re3+
37. Kf2 Rxg3 38. hxg3 Nxd2 39. Nxa3 Ne4+ 40. Ke3 Nc3 41. Nc4 Nxa2 42. d5 Kf6
43. Kd4 Nc1 44. Kc5 Nd3+ 45. Kd6 Nb4 46. Nb6 g5 47. Nd7+ Kf7 48. fxg5 Kg6 49.
Nf8+ Kxg5 {
1/2-1/2 (49) Shchebenyuk,N (2088)-Lisetskaya,L (2128) ICCF email 2011}) 14.
Rhe1 Re6 15. Qc2 Nb6 16. Ng3 Rae8 17. Bd2 Rxe1 18. Rxe1 Rxe1+ 19. Bxe1 Bxg3 20.
hxg3 Qe7 21. Kd1 Qe6 22. Qe2 Kf8 23. Qxe6 fxe6 24. Kc2 Ke7 25. Kd3 Kd6 26. Ke4
Nd7 27. Bd2 Nf6+ 28. Kd3 e5 29. dxe5+ Kxe5 30. Be3 Kd5 31. Bxa7 c5 32. Bb8 Nd7
33. Bf4 c4+ 34. Kc2 Nc5 35. f3 Nd3 36. Bd2 h5 37. b3 Ne5 38. Be3 Nd3 39. Kd2 g6
40. a4 Ne5 41. f4 Nf7 42. bxc4+ bxc4 43. Ke2 Nd6 44. Kf3 Ne4 45. Bd4 Nd2+ 46.
Ke3 Ne4 47. a5 Nxg3 48. a6 Nf5+ 49. Ke2 Kc6 50. a7 Kb7 51. Bc5 Nh4 52. Kf2 Nf5
53. Kf3 Nh4+ 54. Kg3 Nf5+ 55. Kh3 Ng7 56. Kh4 Ne6 57. Be3 Nc7 58. Kg5 Nb5 59.
Kxg6 Nxc3 60. f5 Nd5 61. f6 Nxe3 62. f7 Nxg2 63. f8=Q Kxa7 64. Qf2+ {
1-0 (64) Spal,M (2323)-Sindelar,P Klatovy 2003}) (12... g6 13. Qf3 Qf6 14. Qxf6
Nxf6 15. Kd2 Re6 16. Rhe1 Rae8 17. Ng3 Ng4 18. Nf1 Bxh2 19. Nxh2 Nxh2 20. Bg5
Ng4 21. f3 h6 22. Bf4 g5 23. Rxe6 Rxe6 24. fxg4 gxf4 25. Rf1 Re4 26. Rf3 Kg7
27. a4 Kg6 28. Kd3 Re1 29. Rxf4 Rd1+ 30. Kc4 Rd2 31. b4 Rxg2 32. b5 Rg3 33.
bxc6 bxc6 34. Re4 a5 35. Re5 Rxg4 36. Rxa5 h5 37. Ra6 f5 38. Rxc6+ Kg5 39. a5
f4 40. a6 f3 41. a7 f2 42. a8=Q f1=Q+ 43. Kb4 Qb1+ 44. Kc4 Qf1+ 45. Kc5 Qf5+
46. Kb6 Qb1+ 47. Ka7 Qa2+ 48. Ra6 Qf7+ 49. Qb7 Qxb7+ 50. Kxb7 h4 51. Ra5+ Kg6
52. Ra8 Rg3 53. c4 Rg4 {
1/2-1/2 (53) Luers,C (1761)-Khan,V (2028) LSS email 2012}) 13. O-O Nd5 $5 (
13... Nc4 14. b3 (14. Rae1 Qc7 15. Ng3 Nxb2 16. Ne4 Nc4 17. Ng5 g6 18. Qd3 b5
19. Ne4 Be7 20. Bc1 Qd7 21. Re2 f5 22. Nd2 Nb6 23. Nf3 Bf6 24. Rfe1 Rxe2 25.
Qxe2 Nd5 26. c4 Nc3 27. Qc2 Ne4 28. cxb5 cxb5 29. Qb3+ Qf7 30. Qxb5 Qxa2 31.
Bb2 Rc8 32. h4 Qc4 33. Qb7 Qc7 34. Qb3+ Qf7 35. Qxf7+ Kxf7 36. Ra1 Rc7 37. Bc1
a5 38. Be3 Ra7 39. Ne5+ Ke8 {
0-1 (39) Soltanici,R (2413)-Hamitevici,V (2513) Kishinev 2018}) (14. Ng3 Bxg3
15. hxg3 Qd5 16. Qxd5 cxd5 17. Rfe1 Nxb2 18. Rab1 Na4 19. Rxb7 Nxc3 20. Bd2
Ne2+ 21. Kf1 Nxd4 22. Rxe8+ Rxe8 23. Rd7 Nc6 24. Rxd5 f6 25. Rc5 Ne5 26. Bc3
Kf7 27. f3 Re6 28. Ra5 Nc6 29. Ra6 Ke7 30. g4 Kd6 31. Bb4+ Kd5 32. Bf8 g5 33.
Kf2 Kc4 34. a4 Kd5 35. Ba3 Re8 36. Bb2 Kd6 37. Bxf6 Kc7 38. Bxg5 Kb7 39. Rxc6
Kxc6 40. Be3 Re7 41. a5 Kb5 42. Bd2 Kc4 43. f4 Kd3 44. Bb4 Rb7 45. Bc5 Ke4 46.
Kg3 Rc7 47. Bb4 Rc4 48. Be1 Rc1 49. Bb4 Rb1 50. Bc5 Rb3+ 51. Kh4 Kxf4 52. Bxa7
Rb1 53. g3+ Kf3 54. Kh5 Rb5+ 55. Kh6 Rxa5 56. Bb8 Kxg4 57. Kxh7 Rh5+ 58. Kg6
Rb5 59. Bf4 Rb6+ {
1/2-1/2 (59) Sorbi,L (1934)-Lagergren,H (2073) ICCF email 2016}) 14... g6 (
14... Nxe3 15. fxe3 Qc7 16. Qh3 Re6 17. Nf4 Rh6 18. Qg4 Re8 19. Rae1 Qa5 20.
Qd7 Rf8 21. Qxb7 Qxc3 22. Qxa7 c5 23. Qa4 g5 24. Nh3 Rxh3 25. Qd7 Bxh2+ 26. Kf2
Rh6 27. dxc5 Qc2+ 28. Kf3 Rf6+ 29. Kg4 Qxg2+ {
0-1 (29) Savic,M (2129)-Becelic, D (2169) Belgrade 2017}) 15. Qf3 Nxe3 16. fxe3
f5 17. Rae1 (17. Nf4 Re4 18. g3 Qa5 19. c4 Bxf4 20. exf4 Rxd4 21. Rad1 Qb6 22.
Kg2 Rad8 23. Rfe1 Rxd1 24. Rxd1 Rxd1 25. Qxd1 Qe3 26. Kh3 Kg7 27. Qd7+ Kh6 28.
Qxb7 Qe2 29. Qxc6 Qg4+ 30. Kg2 Qe2+ 31. Kg1 Qe1+ 32. Kg2 Qe2+ 33. Kg1 {
1/2-1/2 (33) Bogner,S (2588) -Barseghyan,A (2298) Batumi 2018}) 17... Qa5 (
17... Re4 18. Ng3 Bxg3 19. Qxg3 Qa5 20. b4 Qd5 21. Rf4 Rae8 22. Qf2 Qe6 23.
Rxe4 Qxe4 24. Qe2 f4 25. Qf3 Qxf3 26. gxf3 fxe3 27. Kf1 a5 28. a3 axb4 29. axb4
Kf7 30. Ke2 Ke6 31. Kd3 Kd6 32. Rxe3 Rf8 33. Ke2 Rf5 34. Re4 Rh5 35. h4 b5 36.
Rf4 Kd5 37. Kd3 Ke6 38. Ke4 Ke7 39. Kd3 Ke6 40. Rg4 Kd6 41. Rf4 {
1/2-1/2 (41) Istratescu,A (2589)-Wirig,A (2504) Brest 2018}) (17... Qh4 18. g3
Qg5 19. Nf4 Qe7 20. Nd3 h5 21. Nf2 h4 22. e4 hxg3 23. hxg3 Qg5 24. e5 Be7 25.
Nh3 Qh6 26. Kg2 Rad8 27. Rh1 Qg7 28. Nf4 Bg5 29. Nd3 Bd2 30. Nf4 Bxe1 31. Rxe1
Qh6 32. Rh1 Qg5 33. Qf1 Kg7 34. Rh2 Qe7 35. Qh1 Rh8 36. Rxh8 {
1-0 (36) Urh,Z (2040)-Vlatkovic,M (2318) Sarajevo 2018}) 18. a4 Re7 19. e4 Rxe4
20. Ng3 Rxe1 21. Rxe1 Qb6 22. b4 a5 23. b5 cxb5 24. Qd5+ Kh8 25. Re6 Rd8 26.
axb5 Qc7 27. Qf3 a4 28. Re2 a3 29. Nf1 Qc4 30. Ne3 Qxc3 31. Qxb7 a2 32. Rxa2
Qxe3+ {0-1 (32) Saric,I (2669)-Esipenko,A (2564) Riadh 2017}) 14. Rae1 (14. Ng3
g6 15. Qf3 Nxe3 16. fxe3 f5 17. Nh1 Bf8 18. Rae1 Qd5 19. Qxd5+ cxd5 20. Re2 Re6
21. Rfe1 b5 22. Nf2 a5 23. Nd3 a4 24. Nf4 Rd6 25. Rb1 Rc8 26. Kf2 g5 27. Nd3
Re6 28. Ke1 Bd6 29. h3 Kg7 30. Kd2 Rce8 31. Rf1 Kg6 32. Ref2 Rxe3 33. Rxf5 Bf4
34. R5xf4 gxf4 35. Nxf4+ Kg5 36. Rf2 Kh4 {
1/2-1/2 (36) Bagi,M (2440)-Batchelor,P (2307) Hastings 2016}) 14... g6 15. Qf3
Nxe3 16. fxe3 f5 17. Nc1 Qh4 18. g3 Qe4 19. Qxe4 Rxe4 20. Re2 Rae8 21. Rfe1 h5
22. Nd3 h4 23. Nf2 hxg3 24. hxg3 Bxg3 25. Nxe4 Rxe4 26. Rd1 Bc7 27. Kf2 Kf7 28.
Rh1 Kg7 29. Ree1 Bd8 30. Ke2 Bh4 31. Ref1 Bg5 32. Rh3 c5 33. b3 cxd4 34. cxd4
Rg4 35. Rff3 Rg1 {
1-0 (35) Sclacmender,J (2239)-De Coninck,R (2136) Belgium 2018}) 12... Qe7 13.
Qc2 c5 14. Be3 cxd4 15. Bxd4 Nf6 16. Rd1 Nh5 17. Kf1 Qe6 18. Rh3 Qxe2+ 19. Qxe2
Rxe2 20. Kxe2 Nf4+ 21. Kf3 Nxh3 22. gxh3 Be7 23. h5 b6 24. Rg1 g6 25. Re1 Kf8
26. Bg7+ Kxg7 27. Rxe7 Kf6 28. Rd7 gxh5 29. a4 Ke6 30. Rb7 Kf6 31. c4 Kg7 32.
b3 Rd8 33. Ke2 Re8+ 34. Kd2 Rd8+ 35. Kc3 Rd1 36. Re7 Rf1 37. Re2 Rh1 38. Re3
Rf1 39. Rf3 Re1 40. Kd4 a5 41. Kd5 Re6 42. h4 Kg6 43. Rg3+ Kf6 44. Re3 Kf5 45.
Rxe6 fxe6+ 46. Kc6 Kg4 47. Kxb6 Kxh4 48. c5 Kg4 49. c6 h4 50. c7 1-0

[Event "Mechanics' Shipman TNM; G/2 d/5"]
[Site "San Francisco"]
[Date "2018.09.04"]
[Round "5.8"]
[White "Walder, Michael S"]
[Black "Babayan, Gagik"]
[Result "0-1"]
[WhiteElo "2031"]
[BlackElo "1774"]
[Annotator "Winslow,Elliott"]
[PlyCount "66"]
[EventDate "2018.??.??"]
[Source "ChessBase"]
[SourceDate "2007.09.04"]

1. e4 d6 2. d4 Nf6 3. Nc3 g6 4. Bg5 Bg7 5. f4 O-O 6. Nf3 Re8 7. Qd2 c6 8. O-O-O
b5 9. Bd3 Qa5 10. Kb1 b4 11. Ne2 Be6 12. b3 Qb6 13. h3 a5 14. g4 a4 15. f5 Bc8
16. Ng3 axb3 17. cxb3 Ba6 18. Be3 Bxd3+ 19. Qxd3 Qa5 20. Rh2 Nbd7 21. g5 Nh5
22. Nxh5 gxh5 23. Rg1 Kf8 24. Rhg2 Qa6 25. Qd2 c5 26. g6 fxg6 27. fxg6 h6 28.
Bxh6 c4 29. Qf4+ Nf6 30. Nh4 (30. e5 cxb3 31. Rd1) 30... cxb3 31. Bxg7+ Kxg7
32. Nf5+ Kg8 {[#]} 33. Qh6 $4 (33. Qf3 $18) (33. Qe3 $18) 33... Qd3+ 0-1